Statystyki dla Prowincje i terytoria Kanady (z mapą)

Kliknij tutaj aby rozwiązać quiz!

Ogólne statystyki

  • Ten quiz został rozwiązany 5 641 razy
    (5 630 od ostatniego zresetowania)
  • Średni wynik to 7 z 13

Odpowiedzi na mapie

Odpowiedzi skodowane kolorowo w zielono-czerwonej skali na mapie do tego quizu, zgodnie z poniższymi procentami.
 

Statystyki odpowiedzi

Prowincja / terytorium% Poprawnych
Quebec
85%
Ontario
73%
Alberta
57%
Kolumbia Brytyjska
57%
Nowa Fundlandia i Labrador
57%
Nowa Szkocja
57%
Jukon
53%
Nowy Brunszwik
42%
Nunavut
41%
Wyspa Księcia Edwarda
40%
Manitoba
39%
Północno Zachodnie terytoria
39%
Saskatchewan
39%

Rozkład punktacji

Percentyl według liczby udzielonych odpowiedzi

Procent ludzi z każdym wynikiem

Twoja historia wyników

Nie rozwiązałeś tego quizu od ostatniego zresetowania